000 00633 a2200205 4500
001 127076
020 _a9788516030995
040 _cEscola Canadense de Niteroi
090 _aFUR-A4
100 _aFurnari, Eva
245 1 0 _aO Amigo da Bruxinha
250 _a2.ed.
260 _aSão Paulo
300 _bil.
_c4 x 17 x 0.5
362 0 _a2002
520 _aVárias histórias de uma bruxinha muito atrapalhada que tudo transforma com sua varinha mágica. Em todas as aventuras aprarece seu companheiro gato, parceiro das estripulias.
650 4 _aLiteratura Infantil
650 4 _aLivros apenas ilustrativos
942 _cBK
999 _c127076
_d127076